000 01363nam a22003737a 4500
003 CHAP
005 20220329135615.0
008 971013s1995 r 00010 d
010 _a39221
011 _a40193
035 _a44318
040 _cCHAP
090 _aTesis
100 0 0 _aOlguín Charrez, Sergio.
_983002
245 _aDesarrollo de un programa de computadora para estimar costos de operación en proyectos de mecanización
260 _aChapingo, Méx. :
_bEl autor,
_c1995
300 _a61 h.
502 _aTesis (Ing. Mecánico Agrícola) -- UACH. Departamento de Ingeniería Mecánica Agrícola
590 _aALEPH
_b10
_c20130110
_lUCH01
_h1306
590 _aBATCH-UPD
_b10
_c20130110
_lUCH01
_h0218
590 _aBATCH-UPD
_b10
_c20130110
_lUCH01
_h1616
590 _aBATCH-UPD
_b10
_c20130409
_lUCH01
_h2237
590 _aBATCH-UPD
_b10
_c20130410
_lUCH01
_h1010
590 _aBATCH-UPD
_b10
_c20130914
_lUCH01
_h1053
590 _aCONVERSION
_b10
_c20130109
_lUCH01
_h1322
650 1 4 _aCostos de producción.
_928514
650 1 4 _aMecanización agrícola.
_973801
650 1 4 _aProcesamiento automático de datos en maquinaria agrícola.
_991799
650 1 4 _aProgramación (Computadoras)
_992368
901 _aBK
942 _cFOLL
949 _bBC
_cTES
_d-101546
_eTS1
_h27585
_i44318
_si
949 _bBC
_cTES
_d-101547
_eTS2
_fc.2
_h27586
_i44318
_si
999 _c39221
_d39221